000 00435nam a2200157Ia 4500
008 210716s2011 xx 000 0 und d
020 _a9789350244661
041 _aeng
082 _a332.64 SINP
100 _aSingh, Preeti.
245 _aSecurity analysis and portfolio management.
250 _a1
260 _aNew Delhi
_bHimalaya Publishing House
_c2011
300 _a420
650 _aInvestment Analysis & Portfolio Management
999 _c207691
_d207691